[Event "SCG-chT1 (Women)"]
[Site "Vrnjacka Banja"]
[Date "2005.10.18"]
[Round "2"]
[White "Milovanov, Olga"]
[Black "Nikolic, Mila"]
[Result "1-0"]
[WhiteElo "2057"]
[BlackElo "2007"]
[PlyCount "73"]
[EventDate "2005.10.17"]
[EventType "team"]
[EventRounds "11"]
[EventCountry "YUG"]
[SourceTitle "EXT 2006"]
[Source "ChessBase"]
[SourceDate "2005.11.24"]
[SourceVersion "1"]
[SourceVersionDate "2005.11.24"]
[SourceQuality "1"]

1. e4 Nf6 2. Nc3 d5 3. e5 Nfd7 4. f4 e6 5. Nf3 c5 6. d3 Nc6 7. g3 Be7 8. Bg2 0-0 9. 0-0 Rb8 10. Qe2 a6 11. Bd2 Nb4 12. Be1 d4 13. Nd1 Nd5 14. Nd2 Qc7 15. Ne4 b5 16. Rc1 Bb7 17. c3 dxc3 18. bxc3 Rfc8 19. Bf2 c4 20. d4 a5 21. Ne3 Nxe3 22. Bxe3 b4 23. cxb4 axb4 24. f5 exf5 25. Rxf5 g6 26. Rf2 Nb6 27. Rcf1 Bd5 28. Bf4 Qc6 29. Nd6 Bxd6 30. exd6 Rb7 31. Bh3 f5 32. Be5 b3 33. Bxf5 Rf8 34. Be6+ Rbf7 35. Bxf7+ Rxf7 36. Rxf7 Bxf7 37. Qf2 1-0

[Event "SCG-chT1 (Women)"]
[Site "Vrnjacka Banja"]
[Date "2005.10.17"]
[Round "1"]
[White "Nikolic, Mila"]
[Black "Rapport, Jovana"]
[Result "1/2-1/2"]
[WhiteElo "2007"]
[BlackElo "1979"]
[PlyCount "100"]
[EventDate "2005.10.17"]
[EventType "team"]
[EventRounds "11"]
[EventCountry "YUG"]
[SourceTitle "EXT 2006"]
[Source "ChessBase"]
[SourceDate "2005.11.24"]
[SourceVersion "1"]
[SourceVersionDate "2005.11.24"]
[SourceQuality "1"]

1. e4 e6 2. d4 d5 3. exd5 exd5 4. c4 Nf6 5. Nc3 Bb4 6. Bd3 0-0 7. Nge2 dxc4 8. Bxc4 Nc6 9. 0-0 h6 10. h3 Bf5 11. Be3 Qd7 12. a3 Bd6 13. Nb5 Ne7 14. Nxd6 cxd6 15. Rc1 a6 16. Nf4 Be4 17. Nh5 Nfd5 18. Qd2 Kh7 19. Bd3 Bxd3 20. Qxd3+ Qf5 21. Qe2 Rac8 22. Ng3 Qg6 23. Kh2 Rce8 24. Qf3 Rc8 25. Ne4 b5 26. Bf4 Rxc1 27. Rxc1 Nf5 28. Be3 Nfe7 29. Nc3 Nxc3 30. Rxc3 Qe6 31. Rc7 Rc8 32. Rxc8 Nxc8 33. Qb7 d5 34. Qc7 Ne7 35. Qf4 Nf5 36. g4 Nd6 37. b3 Ne8 38. Qe5 Nf6 39. Qxe6 fxe6 40. f3 Kg6 41. Kg3 h5 42. Kf4 hxg4 43. hxg4 Nd7 44. Bf2 Kf6 45. Bh4+ Kg6 46. Ke3 Nb8 47. Kd3 Nc6 48. Bg3 Kf6 49. Bd6 Kg5 50. Bg3 Kf6 1/2-1/2